Normal view
MARC view
- Shafiq, Khawar
Entry Personal Name
001 - CONTROL NUMBER
- control field: 98031
003 - CONTROL NUMBER IDENTIFIER
- control field: NUST
005 - DATE AND TIME OF LATEST TRANSACTION
- control field: 20220818132427.0
008 - FIXED-LENGTH DATA ELEMENTS
- fixed length control field: 220818|| aca||aabn | a|a d
040 ## - CATALOGING SOURCE
- Original cataloging agency: NUST
- Transcribing agency: NUST
100 ## - HEADING--PERSONAL NAME
- Personal name: Shafiq, Khawar
670 ## - SOURCE DATA FOUND
- Source citation: Work cat.: (NUST): Shafiq, Khawar , Design of High Power Microwave Source for Directed Energy Devices /
